000 00298nam a2200085Ia 4500
245 0 _aThe 1st family feelings guide : an a-z to understanding feelings in your family
100 _a WATKINS, Maree Noordhoek, South Africa, 2007
_938986
942 _cBK
008 210817s9999 xx 000 0 und d
999 _c137626
_d137625